1621 1127 1947 1622 1626 1953 1765 1238 1324 1421 1818 1511 1840 1667 1178 1330 1022 1828 1585 1019 1881 1548 1207 1880 1734 1555 1205 1774 1494 1690 1174 1472 1477 1166 1749 1272 1157 1275 1606 1896 1455 1891 1516 1705 1105 1684 1414 1476 1455 1953 1829 1833 1045 1350 1263 1992 1696 1379 1548 1223 1478 1934 1062 1784 1052 1721 1962 1867 1663 1659 1462 1644 1533 1369 1106 1734 1499 1477 1076 1079 1998 1009 1355 1966 1092 1943 1274 1712 1609 1887 1674 1299 1287 1735 1036 1492 1615 1993 1377 BCNSPRNW ULIB Ver.6.0+V

เปลี่ยนเป็นภาษาไทย

Change to English
 แสดงรายละเอียดบรรณานุกรม
  กลับหน้าหลัก

Brief Record : Get Marc (ISO 2709) : E-mail record : QR code < ปิดหน้าต่าง
LEADER : 00000nam 2200000uu 4500
001    13399129068
003     ULIB
008    250605s2567||||th 000 0 tha d
020    ^a9786164263604
060    ^aWY150^bธ582ก
100 0  ^aธิดารัตน์ คำบุญ
245    ^aการพยาบาลผู้ป่วยมะเร็งปอด (Nursing Care for Patients with Lung Cancer)/^cธิดารัตน์ คำบุญ
250    ^aพิมพ์ครั้งที่ 1
260    ^aพิษณุโลก :^bมหาวิทยาลัยนเรศวร,^c2567
300    ^a498 หน้า
650    ^aปอด^xมะเร็ง^xการพยาบาล
945    ^p560^l0^i30539
945    ^p560^l0^i30540
945    ^p560^l0^i30541
945    ^p560^l0^i30542
945    ^p560^l0^i30543
999    ^aกัณชพร จุลอักษร
รายการนี้ยังไม่มีแท็ก
คุณยังไม่ได้ล็อกอิน คุณสามารถมีกิจกรรมร่วมกับเว็บไซต์ได้ แต่ต้องล็อกอินก่อน ::
  ล็อกอิน

รายการสื่อสารสนเทศ

ลำดับที่ ประเภท เลขเรียก/บาร์โค้ด สถานที่ สถานะ
1. หนังสือสำรอง
หนังสือสำรอง
WY150 ธ582ก ฉ.1 
  Barcode: 30539
ห้องสมุดวิทยาเขตนครสวรรค์
►หนังสือทั่วไป:l:General Books
บนชั้น
2. วิทยาศาสตร์การแพทย์ และสุขภาพ
วิทยาศาสตร์การแพทย์ และสุขภาพ
WY150 ธ582ก ฉ.2 
  Barcode: 30540
ห้องสมุดวิทยาเขตนครสวรรค์
►หนังสือทั่วไป:l:General Books
บนชั้น
3. วิทยาศาสตร์การแพทย์ และสุขภาพ
วิทยาศาสตร์การแพทย์ และสุขภาพ
WY150 ธ582ก ฉ.3 
  Barcode: 30541
ห้องสมุดวิทยาเขตนครสวรรค์
►หนังสือทั่วไป:l:General Books
บนชั้น
4. วิทยาศาสตร์การแพทย์ และสุขภาพ
วิทยาศาสตร์การแพทย์ และสุขภาพ
WY150 ธ582ก ฉ.4 
  Barcode: 30542
ห้องสมุดวิทยาเขตนครสวรรค์
►หนังสือทั่วไป:l:General Books
บนชั้น
5. วิทยาศาสตร์การแพทย์ และสุขภาพ
วิทยาศาสตร์การแพทย์ และสุขภาพ
WY150 ธ582ก ฉ.5 
  Barcode: 30543
ห้องสมุดวิทยาเขตนครสวรรค์
►หนังสือทั่วไป:l:General Books
บนชั้น

รายการใกล้เคียง
    ผู้แต่ง [ธิดารัตน์ คำบุญ]

BibComment


ยังไม่เคยถูกคอมเมนท์

คอมเมนท์ทรัพยากรรายการนี้
  คอมเมนท์: การพยาบาลผู้ป่วย..


 Copyright 2026. Bcnsprnw @Library